Statistics for The Smosh Cast

Click here to take the quiz!

General Stats

  • This quiz has been taken 97 times
  • The average score is 14 of 16

Answer Stats

Cast MemberJoined% Correct
Anthony PadillaNovember 19, 2005
100%
Ian HecoxNovember 19, 2005
100%
Shayne ToppJuly 17, 2015
97%
Courtney MillerMay 8, 2015
95%
Keith Leak Jr.December 5, 2014
95%
Olivia SuiJanuary 23, 2015
94%
Noah GrossmanFebruary 6, 2015
92%
Amanda Lehan-CantoApril 15, 2020
91%
Angela GiarratanaAugust 10, 2022
88%
Chanse McCraryMay 18, 2022
88%
Damien HaasMarch 22, 2017
88%
Arasha LalaniAugust 5, 2022
81%
Kimmy JimenezJuly 25, 2018
77%
Tommy BoweAugust 26, 2018
77%
Spencer AgnewDecember 19, 2016
72%
Jacklyn UwehDecember 9, 2019
67%

Score Distribution

Percentile by Number Answered

Percent of People with Each Score

Your Score History

You have not taken this quiz